Fundamentals Of Modern Manufacturing: (Record no. 185987)

MARC details
000 -LEADER
fixed length control field 00605nam a22001937a 4500
005 - DATE AND TIME OF LATEST TRANSACTION
control field 20220211143451.0
010 ## - LCCN (DPL NO)
LC control number ENG-131538
020 ## - INTERNATIONAL STANDARD BOOK NUMBER
International Standard Book Number 9789812530932
Terms of availability 769.00
035 ## - SYSTEM CONTROL NUMBER
System control number EN-115070
037 ## - SOURCE OF ACQUISITION
Source of stock number/acquisition DBAD
082 ## - DEWEY DECIMAL CLASSIFICATION NUMBER
Classification number 670
100 ## - MAIN ENTRY--PERSONAL NAME
Personal name Groover, Mikell P.
245 ## - TITLE STATEMENT
Title Fundamentals Of Modern Manufacturing:
Remainder of title Materials, Processes, and systems/
Statement of responsibility, etc Mikell P. Grover
250 ## - EDITION STATEMENT
Edition statement Second Edition
260 ## - PUBLICATION, DISTRIBUTION, ETC. (IMPRINT)
Place of publication, distribution, etc Singapore
Name of publisher, distributor, etc John Wiley & Sons Pvt. Ltd
Date of publication, distribution, etc 2005
270 ## - ADDRESS
Address 2 Clementi Loop#02-01
City Singapore
Postal code 129809
300 ## - PHYSICAL DESCRIPTION
Extent 1008p.
Other physical details Index
Dimensions 24cm(pbk)
942 ## - ADDED ENTRY ELEMENTS (KOHA)
Source of classification or shelving scheme Dewey Decimal Classification
Item type English Books
Classification part 670
Call number suffix GRO
Holdings
Withdrawn status Lost status Not for loan Collection code Home library Current library Date acquired Source of acquisition Cost, normal purchase price Full call number Barcode Copy number Cost, replacement price Koha item type
      Non-fiction Bawana Bawana 11/02/2022 DBAD/PUB 769.00 670 GRO EN-115070 1 769.00 English Books

© Delhi Public Library
Hit Counter
free hit counter